| 000 | 00613nam a2200169 a 4500 | ||
|---|---|---|---|
| 008 | 160421s2009 ||||||||||||||||| || u | ||
| 020 | _a9780470399118 | ||
| 050 | _aNA 2700 Chi | ||
| 100 | _aChing, Francis D. K | ||
| 245 | 1 | 0 |
_aArchitectural graphics. (5th ed.) _cby Francis D.K. Ching |
| 250 | _a5th ed. | ||
| 260 |
_aNew Jersey _bJohn Wiley and Sons _c2009 |
||
| 300 | _avi, 250p.: ill. | ||
| 350 | _a49.95 | ||
| 650 | 0 | _aARCHITECTURAL DRAWING | |
| 995 |
_FCBU-MAIN LIBRARY (Kitwe) _I49.95 _M1 _UAVAILABLE _WMay 26, 2016 _ZMain Library Open Access Collection |
||
| 999 |
_c34747 _d34747 |
||